| 000 | 00636nam a22002177a 4500 | ||
|---|---|---|---|
| 003 | OSt | ||
| 005 | 20260311064516.0 | ||
| 008 | 260311b |||||||| |||| 00| 0 eng d | ||
| 020 | _a978-981-4232-13-5. | ||
| 040 |
_aDWCL Main lib _cOC |
||
| 082 |
_23rd ed. _aCirc. 004 W454c 2007 |
||
| 100 | _aWells, Dolores | ||
| 245 |
_aComputer concepts basics _cDolores Wells |
||
| 250 | _a3rd ed. | ||
| 260 |
_aSingapore : _bThomson Learning Asia, _cc2007. |
||
| 300 |
_axiii, 463 p. : _bill. ; _c25 cm. |
||
| 504 | _aIncludes index. | ||
| 650 | _a1. Computer science. | ||
| 650 | _a2. Computers. | ||
| 942 |
_2ddc _cBK-CIRC _e3rd ed. _kCirc. _n0 |
||
| 999 |
_c8954 _d8954 |
||